000 00569nam a2200205 4500
003 OSt
005 20240621082012.0
006 a
008 240621b |||||||| |||| 00| 0 eng d
020 _a9711171961
040 _aDWCL-Main lib.
_cOC
082 _aFil. 100 Ar717i 1990
100 _aArtigas, Mariano
245 _aIntroduction to philosophy /
260 _aManila :
_bSinag-Tala Pub. , Inc. ,
_cc1990.
300 _axi,
_b135 p. ;
_c22 cm.
504 _aIncludes bibliographical references.
650 _a1. Philosophy.
942 _2ddc
_n0
_cBK - FIL
_kFil.
999 _c1102
_d1102